2025-2026 Denver Broncos Roster - Statistics

General Stats
  • This quiz has been taken 28 times
  • The average score is 22 of 53
Answer Stats
Position Name % Correct
Quarterback Bo Nix
100%
Quarterback Jarrett Stidham
86%
Running Back R.J. Harvey
86%
Wide Receiver Courtland Sutton
77%
Wide Receiver Marvin Mims Jr.
77%
Cornerback Patrick Surtain II
73%
Placekicker Wil Lutz
68%
Linebacker Alex Singleton
64%
Tight End Evan Engram
64%
Linebacker Nik Bonitto
64%
Wide Receiver Pat Bryant
59%
Safety Talanoa Hufanga
59%
Offensive Lineman Garett Bolles
55%
Running Back Jaleel McLaughlin
55%
Cornerback Riley Moss
55%
Wide Receiver Troy Franklin
55%
Defensive Lineman Zach Allen
55%
Linebacker Dre Greenlaw
50%
Linebacker Jonathon Cooper
50%
Offensive Lineman Frank Crum
45%
Cornerback Jahdae Barron
45%
Cornerback Ja’Quan McMillian
45%
Linebacker Justin Strnad
45%
Wide Receiver Lil’Jordan Humphrey
45%
Safety P.J. Locke
45%
Running Back Tyler Badie
45%
Tight End Adam Trautman
41%
Offensive Lineman Ben Powers
41%
Defensive Lineman D.J. Jones
41%
Punter Jeremy Crawshaw
41%
Defensive Lineman John Franklin-Myers
41%
Quarterback Sam Ehlinger
41%
Fullback Adam Prentice
36%
Linebacker Jonah Elliss
36%
Defensive Lineman Malcolm Roach
36%
Offensive Lineman Mike McGlinchey
36%
Offensive Lineman Quinn Meinerz
36%
Cornerback Kris Abrams-Draine
32%
Offensive Lineman Luke Wattenberg
32%
Tight End Nate Adkins
27%
Offensive Lineman Alex Forsyth
23%
Cornerback Devon Key
23%
Linebacker Dondrea Tillman
18%
Linebacker Quandarrius Robinson
18%
Offensive Lineman Alex Palczewski
14%
Safety J.L. Skinner
14%
Defensive Lineman Jordan Jackson
9%
Offensive Lineman Sam Mustipher
9%
Linebacker Jordan Turner
5%
Linebacker Karene Reid
5%
Defensive Lineman Eyioma Uwazurike
0%
Long Snapper Mitchell Fabroni
0%
Cornerback Reese Taylor
0%
No matching quizzes found
Score Distribution
Percent of People with Each Score
Percentile by Number Answered
Your Score History
You have not taken this quiz